Monitorovanie aktivity čiastkových výbojov vo vysokonapäťovej izolácii

Guardado en:
Detalles Bibliográficos
Autor principal: Gerhát, Tomáš (Autor)
Otros Autores: Michalík, Ľubomír (Orientador)
Formato: Manuscrito Libro
Lenguaje:eslovaco
Publicado: Bratislava : STU v Bratislave FEI, 2001
Materias:
Etiquetas: Agregar Etiqueta
Sin Etiquetas, Sea el primero en etiquetar este registro!

MARC

LEADER 00000ntm a22000003a 4500
001 stu73365
005 20160719164815.6
008 020125s2001------------------------slo-d
040 |a STU  |b slo 
041 0 |a slo 
100 1 |a Gerhát, Tomáš  |4 aut 
245 1 |a Monitorovanie aktivity čiastkových výbojov vo vysokonapäťovej izolácii 
260 |a Bratislava :  |b STU v Bratislave FEI,  |c 2001 
300 |a 50 s  |c príl. 
650 7 |a Elektroenergetické a silnoprúdové inžinierstvo  |2 stusub 
700 1 |a Michalík, Ľubomír  |4 ths